| 000 | 00456nam a22001457a 4500 | ||
|---|---|---|---|
| 999 |
_c7764 _d7762 |
||
| 005 | 20210325112735.0 | ||
| 008 | 210325b ||||| |||| 00| 0 eng d | ||
| 082 | _a345.408 23 | ||
| 100 |
_aMANOHAR AND CHITALEY _96503 |
||
| 245 | _aTHE AIR MANUAL CIVIL AND CRIMINAL LAND ACQUISITION ACT,[1885] TO LIMITATION ACT [1963] ARTICLE 60 [VOL-31] | ||
| 260 |
_aNAGPUR _bTHE ALL INDIA REPORTER PVT.LTD. |
||
| 300 | _a1152,p | ||
| 650 |
_aLAW _95701 |
||
| 942 | _cJRL | ||